Biggest villages and towns of Iceland - Statistics

General Stats
  • This quiz has been taken 7 times
  • The average score is 7 of 32
Answer Stats
Landshlut Population Town % Correct
Höfuðborgarsvæð 138.753 Reykjavík
100%
Norðurland eystra 20.067 Akureyri
71%
Suðurnes 12.572 Keflavík
71%
Vesturland 8429 Akranes
43%
Höfuðborgarsvæð 32.398 Hafnarfjörður
43%
Vestfirðir 2807 Ísafjörður
43%
Höfuðborgarsvæð 13.417 Mosfellsbær
43%
Suðurland 11.000 Selfoss
43%
Austurland 2719 Egilsstaðir
29%
Höfuðborgarsvæð 17.755 Garðabær
29%
Suðurland 1813 Höfn
29%
Norðurland eystra 2403 Húsavík
29%
Höfuðborgarsvæð 40.228 Kópavogur
29%
Suðurnes 10.000 Njarðvík
29%
Vesturland 2250 Borgarnes
14%
Suðurnes 2006 Garður
14%
Höfuðborgarsvæð 4609 Seltjarnarnes
14%
Suðurland 2316 Þorlákshöfn
14%
Suðurland 4518 Vestmannaeyjar
14%
Suðurnes 1818 Vogar
14%
Höfuðborgarsvæð 2916 Álftanes
0%
Norðurland eystra 1385 Dalvík
0%
Austurland 1063 Eskifjörður
0%
Suðurland 1083 Hella
0%
Suðurland 3342 Hveragerði
0%
Suðurland 1181 Hvolsvöllur
0%
Austurland 1478 Neskaupstaður
0%
Austurland 1470 Reyðarfjörður
0%
Suðurnes 2188 Sandgerði
0%
Norðurland vestra 2672 Sauðárkrókur
0%
Norðurland eystra 1159 Siglufjörður
0%
Vesturland 1218 Stykkishólmur
0%
No matching quizzes found
Score Distribution
Percent of People with Each Score
Percentile by Number Answered
Your Score History
You have not taken this quiz